Sacramento Kings Best Team By Decade - Statistics

General Stats
  • This quiz has been taken 106 times
    72 since last reset
  • The average score is 13 of 33
Answer Stats
Season Player % Correct
2018-19, 2022-23 De'Aaron Fox
98%
2022-23 Domantas Sabonis
97%
1963-64 Oscar Robertson
88%
1998-99, 2001-02 Chris Webber
86%
2001-02 Peja Stojaković
84%
1998-99, 2001-02 Vlade Divac
84%
2001-02 Mike Bibby
83%
2022-23 Harrison Barnes
74%
1998-99 Jason Williams
72%
2022-23 Keegan Murray
71%
2022-23 Kevin Huerter
69%
2001-02 Doug Christie
64%
2018-19 Buddy Hield
53%
1963-64 Jerry Lucas
53%
1963-64 Jack Twyman
40%
1949-50 Arnie Johnson
34%
2018-19 Willie Cauley-Stein
28%
1978-79, 1980-81 Otis Birdsong
26%
1978-79, 1980-81 Sam Lacey
19%
1949-50 Arnie Risen
16%
1998-99 Corliss Williamson
16%
1978-79, 1980-81 Scott Wedman
14%
1949-50 Bobby Wanzer
12%
1980-81 Reggie King
10%
1949-50 Bob Davies
9%
1978-79, 1980-81 Phil Ford
7%
1963-64 Wayne Embry
7%
2018-19 Nemanja Bjelica
5%
1998-99 Tariq Abdul-Wahad
5%
1949-50 Jack Coleman
3%
1978-79 Bill Robinzine
2%
1963-64 Bucky Bockhorn
2%
2018-19 Iman Shumpert
0%
No matching quizzes found
Score Distribution
Percent of People with Each Score
Percentile by Number Answered
Your Score History
You have not taken this quiz since the last reset